[Event "CZE-chTV 0001"]
[Site "Czech Republic"]
[Date "2000.??.??"]
[Round "8"]
[White "Odvarka, Stanislav"]
[Black "Novak, Ales"]
[Result "0-1"]
[WhiteElo "1720"]
[BlackElo "1950"]
[PlyCount "50"]
[EventDate "2000.??.??"]
[EventType "team"]
[EventRounds "11"]
[EventCountry "CZE"]
[SourceTitle "EXT 2002"]
[Source "ChessBase"]
[SourceDate "2001.11.25"]
[SourceVersion "1"]
[SourceVersionDate "2001.11.25"]
[SourceQuality "1"]

1. e4 c6 2. d4 d5 3. Nc3 dxe4 4. Nxe4 Nf6 5. Nxf6+ gxf6 6. c3 Bf5 7. Ne2 h5 8. Nf4 h4 9. Qf3 Nd7 10. g4 hxg3 11. fxg3 e5 12. g4 Bh7 13. Ne2 exd4 14. cxd4 Bb4+ 15. Kf2 Qe7 16. Bg2 0-0-0 17. a3 Bc5 18. dxc5 Ne5 19. Qg3 Rd3 20. Qh4 Qxc5+ 21. Ke1 Rhd8 22. Bf4 Rd1+ 23. Rxd1 Rxd1+ 24. Kxd1 Qc2+ 25. Ke1 Nd3+ 0-1

[Event "CZE-chTV 0001"]
[Site "Czech Republic"]
[Date "2000.??.??"]
[Round "8"]
[White "Odvarka, Stanislav"]
[Black "Voracek, Zdenek"]
[Result "0-1"]
[WhiteElo "1720"]
[BlackElo "2070"]
[PlyCount "146"]
[EventDate "2000.??.??"]
[EventType "team"]
[EventRounds "11"]
[EventCountry "CZE"]
[SourceTitle "EXT 2002"]
[Source "ChessBase"]
[SourceDate "2001.11.25"]
[SourceVersion "1"]
[SourceVersionDate "2001.11.25"]
[SourceQuality "1"]

1. e4 Nf6 2. Nc3 d5 3. e5 d4 4. exf6 dxc3 5. fxg7 cxd2+ 6. Qxd2 Qxd2+ 7. Bxd2 Bxg7 8. 0-0-0 Be6 9. Kb1 Nd7 10. Ne2 Nb6 11. Nf4 Bf5 12. Ba5 0-0 13. Bxb6 axb6 14. Nd5 Rfe8 15. Bc4 Be5 16. Rhe1 Bd6 17. Re2 Rad8 18. Rde1 Kf8 19. h3 c6 20. Ne3 Bg6 21. a3 b5 22. Bd3 Bxd3 23. cxd3 Bc5 24. Kc2 e6 25. Ng4 Rd4 26. Re5 Be7 27. R5e4 Rd6 28. Nh6 Bg5 29. Ng4 Red8 30. Ne5 Bf6 31. Rd1 Bg7 32. Re2 Rd5 33. Nf3 Ke7 34. Re4 Bf6 35. Re2 Kd6 36. Nd2 Ke7 37. Ne4 Bg7 38. Nc3 R5d7 39. Ne4 Rd5 40. Nc3 Rd4 41. Re4 Bf6 42. Rxd4 Bxd4 43. Rd2 Rg8 44. g3 Rg5 45. Re2 Rh5 46. h4 Rf5 47. f4 Rh5 48. Kd2 Kf6 49. Rg2 Bxc3+ 50. bxc3 Rd5 51. g4 Rd8 52. Ke3 Ra8 53. Ra2 b6 54. Ke4 h6 55. d4 Ke7 56. f5 c5 57. fxe6 fxe6 58. dxc5 bxc5 59. Kd3 b4 60. cxb4 cxb4 61. a4 b3 62. Rb2 Rxa4 63. g5 Rxh4 64. gxh6 Rxh6 65. Rxb3 Rh3+ 66. Kc2 Rxb3 67. Kxb3 Kf6 68. Kc4 Ke5 69. Kd3 Kf4 70. Ke2 Ke4 71. Ke1 Ke3 72. Kd1 e5 73. Ke1 e4 0-1